Η συνδυαστική χρήση πολλαπλών λογισμικών για τη μεταφορά της τεχνοτροπίας «anime» σε ταινία με αποκλειστική χρήση τριασδιάστατων γραφικών : μεταπτυχιακή διατριβή
Saved in:
| Main Author: | |
|---|---|
| Corporate Author: | |
| Format: | Thesis Book |
| Language: | Greek |
| Published: |
2008.
|
| Subjects: | |
| Online Access: | http://hdl.handle.net/11610/16413 |
| Tags: |
Add Tag
No Tags, Be the first to tag this record!
|
MARC
| LEADER | 00000cam a2200000 i 4500 | ||
|---|---|---|---|
| 001 | 1/1540 | ||
| 008 | 090915s2008 gr | ||| |||| ||gre|| | ||
| 035 | |l 10105634 | ||
| 040 | |a GR-MyUa |b gre |e AACR2 | ||
| 041 | 0 | |a gre | |
| 082 | 7 | |a 778.5347 |2 (22) | |
| 100 | 1 | |a Γιακαλάρας, Μάριος. | |
| 245 | 1 | 2 | |a Η συνδυαστική χρήση πολλαπλών λογισμικών για τη μεταφορά της τεχνοτροπίας «anime» σε ταινία με αποκλειστική χρήση τριασδιάστατων γραφικών : |b μεταπτυχιακή διατριβή / |c Μαριος Γιακαλάρας ; επιβλέπων: Κάουα Αβραάμ ; συνεπιβλέπων: Χριστοδούλου Ευάγγελος. |
| 260 | |c 2008. | ||
| 300 | |a 103 σ. : |b εικ. ; |c 30 εκ. | ||
| 502 | |a Διατριβή (μεταπτυχιακή) – Πανεπιστήμιο Αιγαίου, Λέσβος, 2008. | ||
| 504 | |a Βιβλιογραφία: σ. 100-103. | ||
| 650 | 0 | 0 | |a Computer graphics. |
| 650 | 0 | 0 | |a Computer animation. |
| 650 | 0 | 0 | |a Animated films. |
| 650 | 0 | 0 | |a Animation (Cinematography) |
| 650 | 0 | 0 | |a Animation (Cinematography) |z Japan. |
| 650 | 0 | 0 | |a Dissertations, Academic |z Greece. |
| 700 | 1 | |a Κάουα, Αβραάμ, |e dgs | |
| 700 | 1 | |a Χριστοδούλου, Ευάγγελος, |e dgs | |
| 710 | 2 | |a Πανεπιστήμιο Αιγαίου. |b Σχολή Κοινωνικών Επιστημών. |b Τμήμα Πολιτισμικής Τεχνολογίας και Επικοινωνίας. |b Πρόγραμμα Μεταπτυχιακών Σπουδών Πολιτισμική Πληροφορική και Επικοινωνία. | |
| 852 | |a INST |b LESVOS |c DIATR |e 20090915 |h 199 |p 005100046562 |q 005100046562 |t MTXE |y 23 | ||
| 852 | |a INST |b LESVOS |c DIATR |e 20090915 |h 200 |p 005100046573 |q 005100046573 |t MTXE |y 23 | ||
| 856 | |u http://hdl.handle.net/11610/16413 | ||
| 901 | |a BIBL1-2009-3 | ||
| 924 | |a Γιακαλάρας |b Μάριος |y Λέσβος |z 2008-11 | ||
| 970 | |a ΤΖΑΦΕΡΗ |b ΕΥΑΓΓΕΛΙΑ |z 2009/09/15 | ||